The microstructural aspects of abrasive wear resistance in composite electron beam clad coatings; Applied Surface Science; Vol. 293

Detaylı Bibliyografya
Parent link:Applied Surface Science: Scientific Journal
Vol. 293.— 2014.— [P. 318-325]
Yazar: Gnyusov S. F. Sergey Fedorovich
Müşterek Yazar: Национальный исследовательский Томский политехнический университет (ТПУ) Институт неразрушающего контроля (ИНК) Кафедра оборудования и технологии сварочного производства (ОТСП)
Diğer Yazarlar: Tarasov S. Yu. Sergei Yulievich
Özet:Title screen
The effect of microstructure and phase composition of composite coatings based on manganese-containing or nickel-containing austenitic steel and containing either 10 wt.% TiC or 15 wt.% WC on the abrasive wear resistance has been studied. Both post-deposition heat treatment and self-aging in the course of deposition served to improve the relative wear resistance coefficient by 38–42 and 5–12% for Fe-20%Mn-4%V-4%Mo + 15%WC and Fe-20%Ni-4%V-4%Mo + 15%WC coatings, respectively.
Режим доступа: по договору с организацией-держателем ресурса
Dil:İngilizce
Baskı/Yayın Bilgisi: 2014
Konular:
Online Erişim:https://doi.org/10.1016/j.apsusc.2013.12.161
Materyal Türü: MixedMaterials Elektronik Kitap Bölümü
KOHA link:https://koha.lib.tpu.ru/cgi-bin/koha/opac-detail.pl?biblionumber=654998

MARC

LEADER 00000naa0a2200000 4500
001 654998
005 20250313152021.0
035 |a (RuTPU)RU\TPU\network\20779 
035 |a RU\TPU\network\6407 
090 |a 654998 
100 |a 20170614d2014 k||y0rusy50 ba 
101 0 |a eng 
102 |a US 
135 |a drcn ---uucaa 
181 0 |a i  
182 0 |a b 
200 1 |a The microstructural aspects of abrasive wear resistance in composite electron beam clad coatings  |f S. F. Gnyusov, S. Yu. Tarasov 
203 |a Text  |c electronic 
300 |a Title screen 
320 |a [References: p. 325 (20 tit.)] 
330 |a The effect of microstructure and phase composition of composite coatings based on manganese-containing or nickel-containing austenitic steel and containing either 10 wt.% TiC or 15 wt.% WC on the abrasive wear resistance has been studied. Both post-deposition heat treatment and self-aging in the course of deposition served to improve the relative wear resistance coefficient by 38–42 and 5–12% for Fe-20%Mn-4%V-4%Mo + 15%WC and Fe-20%Ni-4%V-4%Mo + 15%WC coatings, respectively. 
333 |a Режим доступа: по договору с организацией-держателем ресурса 
461 |t Applied Surface Science  |o Scientific Journal 
463 |t Vol. 293  |v [P. 318-325]  |d 2014 
610 1 |a электронный ресурс 
610 1 |a труды учёных ТПУ 
610 1 |a электронно-лучевая облицовка 
610 1 |a композитное покрытие 
610 1 |a поверхность 
700 1 |a Gnyusov  |b S. F.  |c specialist in the field of mechanical engineering  |c Professor of Tomsk Polytechnic University, Doctor of technical sciences  |f 1960-  |g Sergey Fedorovich  |3 (RuTPU)RU\TPU\pers\31403 
701 1 |a Tarasov  |b S. Yu.  |c specialist in the field of mechanical engineering  |c Professor of Tomsk Polytechnic University, Doctor of technical sciences  |f 1959-  |g Sergei Yulievich  |3 (RuTPU)RU\TPU\pers\31400  |9 15572 
712 0 2 |a Национальный исследовательский Томский политехнический университет (ТПУ)  |b Институт неразрушающего контроля (ИНК)  |b Кафедра оборудования и технологии сварочного производства (ОТСП)  |3 (RuTPU)RU\TPU\col\18708 
801 2 |a RU  |b 63413507  |c 20191204  |g RCR 
856 4 |u https://doi.org/10.1016/j.apsusc.2013.12.161 
942 |c CF